000
00307nam a2200109 4500
999
_c
13554
_d
13554
008
190328b ||||| |||| 00| 0 eng d
245
_a
France bans cell phones in schools.
260
_a
Philippines
_b
Philippine Daily Inquirer
_c
c2018
300
_a
page A4.
650
0
_9
37837
_a
Technology.
942
_2
ddc
_c
PER